[Event "IND-ch Blitz"]
[Site "Mahilong"]
[Date "2025.03.23"]
[Round "6"]
[White "Shahil, Dey"]
[Black "Aniruddh, Chatterjee"]
[Result "1-0"]
[WhiteElo "2126"]
[BlackElo "2025"]
[PlyCount "63"]
[EventDate "2025.03.23"]
[EventType "swiss (blitz)"]
[EventRounds "11"]
[EventCountry "IND"]
[SourceTitle "CB13_2025"]
[SourceDate "2025.03.26"]
[SourceVersion "1"]
[SourceVersionDate "2025.03.26"]
[SourceQuality "1"]

1. Nf3 d5 2. b3 c5 3. e3 Nc6 4. Bb2 Nf6 5. Bb5 e6 6. Bxc6+ bxc6 7. Ne5 Bb7 8. 0-0 Bd6 9. f4 0-0 10. d3 Nd7 11. c4 f6 12. Nxd7 Qxd7 13. e4 a5 14. Nc3 d4 15. Na4 Kh8 16. Ba3 Qe7 17. Qh5 e5 18. f5 Rad8 19. Rf3 Bc8 20. Rh3 g6 21. Qxg6 Rg8 22. Qh6 Rg7 23. Rg3 Rdg8 24. Rxg7 Rxg7 25. Rf1 Ba6 26. Rf3 Rf7 27. Rg3 Bb5 28. cxb5 cxb5 29. Nb6 Qb7 30. Nd5 Bf8 31. Nxf6 Bg7 32. Qxh7# 1-0

[Event "Fagernes op"]
[Site "Fagernes"]
[Date "2024.03.24"]
[Round "1"]
[White "Aniruddh, Chatterjee"]
[Black "Petkov, Momchil"]
[Result "1/2-1/2"]
[WhiteElo "2182"]
[BlackElo "2500"]
[PlyCount "118"]
[EventDate "2024.03.24"]
[EventType "swiss"]
[EventRounds "9"]
[EventCountry "NOR"]
[SourceTitle "CBM 219 Extra"]
[Source "ChessBase"]
[SourceDate "2024.05.31"]
[SourceVersion "1"]
[SourceVersionDate "2024.05.31"]
[SourceQuality "1"]

1. c4 e5 2. g3 c6 3. Nf3 e4 4. Nd4 d5 5. cxd5 Qxd5 6. Nc2 Nf6 7. Nc3 Qh5 8. d3 exd3 9. Qxd3 Bc5 10. Qd2 Bf5 11. Nd4 0-0 12. Nxf5 Qxf5 13. Qf4 Qe6 14. Bg2 Na6 15. 0-0 Rad8 16. Ne4 Nxe4 17. Qxe4 Qxe4 18. Bxe4 Rfe8 19. Bf3 Nb4 20. e3 Be7 21. a3 Nd3 22. Rb1 a5 23. Rd1 Ne5 24. Be2 Rxd1+ 25. Bxd1 Rd8 26. Be2 f5 27. b4 axb4 28. axb4 Kf7 29. Bb2 Rd2 30. Bd1 Bf6 31. Bc3 Rd8 32. Bd4 Nd7 33. Bf3 Bxd4 34. exd4 Nf6 35. b5 Rxd4 36. bxc6 bxc6 37. Bxc6 g5 38. h3 h5 39. Bf3 h4 40. gxh4 Rxh4 41. Kg2 Rd4 42. Rb7+ Kg6 43. Rb6 Rd7 44. Ra6 Kf7 45. Rb6 Rc7 46. Ra6 Re7 47. Rb6 Re6 48. Rb7+ Kg6 49. Ra7 Rd6 50. Ra5 Ne8 51. Rd5 Rxd5 52. Bxd5 Kf6 53. Bc6 Ng7 54. h4 gxh4 55. Kh3 Kg5 56. f4+ Kxf4 57. Kxh4 Ke3 58. Kg3 f4+ 59. Kg2 f3+ 1/2-1/2

[Event "Pozarevac Rudar 19th"]
[Site "Pozarevac"]
[Date "2023.11.20"]
[Round "7.3"]
[White "Aniruddh, Chatterjee"]
[Black "Alimpic, Aleksa"]
[Result "1/2-1/2"]
[WhiteElo "2112"]
[BlackElo "2271"]
[PlyCount "45"]
[EventDate "2023.11.15"]
[EventType "tourn"]
[EventRounds "9"]
[EventCountry "SRB"]
[SourceTitle "CBM 217 Extra"]
[Source "ChessBase"]
[SourceDate "2024.01.31"]
[SourceVersion "1"]
[SourceVersionDate "2024.01.31"]
[SourceQuality "1"]
[WhiteTeam "Team C"]
[BlackTeam "Team D"]
[WhiteTeamCountry "SRB"]
[BlackTeamCountry "SRB"]

1. d4 d5 2. c4 dxc4 3. e3 Nf6 4. Bxc4 e6 5. Nf3 c5 6. 0-0 a6 7. Nbd2 Nbd7 8. b3 b6 9. Bb2 Bb7 10. Qe2 Be7 11. Rfd1 0-0 12. dxc5 Bxc5 13. a3 Be7 14. h3 b5 15. Bd3 Rc8 16. b4 Nd5 17. Rac1 Bf6 18. Nd4 N7b6 19. Ne4 Na4 20. Ba1 Rxc1 21. Rxc1 Be7 22. Qh5 h6 23. Qe2 1/2-1/2

[Event "Pozarevac Rudar 19th"]
[Site "Pozarevac"]
[Date "2023.11.19"]
[Round "6.2"]
[White "Dimitrijeski, Boris"]
[Black "Aniruddh, Chatterjee"]
[Result "0-1"]
[WhiteElo "2209"]
[BlackElo "2112"]
[PlyCount "42"]
[EventDate "2023.11.15"]
[EventType "tourn"]
[EventRounds "9"]
[EventCountry "SRB"]
[SourceTitle "CBM 217 Extra"]
[Source "ChessBase"]
[SourceDate "2024.01.31"]
[SourceVersion "1"]
[SourceVersionDate "2024.01.31"]
[SourceQuality "1"]
[WhiteTeam "Team D"]
[BlackTeam "Team C"]
[WhiteTeamCountry "SRB"]
[BlackTeamCountry "SRB"]

1. d4 d5 2. c4 e6 3. Nf3 Nf6 4. g3 dxc4 5. Bg2 c6 6. Ne5 Bb4+ 7. Nc3 Nd5 8. Bd2 b5 9. 0-0 Be7 10. a4 f6 11. Ng4 b4 12. Na2 a5 13. Rc1 Nb6 14. e4 Qxd4 15. Be3 Qxd1 16. Rfxd1 Nxa4 17. e5 f5 18. Rxc4 Bb7 19. Bd4 fxg4 20. Be4 0-0 21. Rcc1 b3 0-1

[Event "Pozarevac Rudar 19th"]
[Site "Pozarevac"]
[Date "2023.11.16"]
[Round "2.3"]
[White "Ilincic, Zlatko"]
[Black "Aniruddh, Chatterjee"]
[Result "1/2-1/2"]
[WhiteElo "2301"]
[BlackElo "2112"]
[PlyCount "103"]
[EventDate "2023.11.15"]
[EventType "tourn"]
[EventRounds "9"]
[EventCountry "SRB"]
[SourceTitle "CBM 217 Extra"]
[Source "ChessBase"]
[SourceDate "2024.01.31"]
[SourceVersion "1"]
[SourceVersionDate "2024.01.31"]
[SourceQuality "1"]
[WhiteTeam "Team A"]
[BlackTeam "Team C"]
[WhiteTeamCountry "SRB"]
[BlackTeamCountry "SRB"]

1. d4 d5 2. Nf3 Nf6 3. e3 e6 4. c4 Bb4+ 5. Bd2 Be7 6. Nc3 0-0 7. Qc2 b6 8. e4 dxe4 9. Nxe4 Bb7 10. Bd3 h6 11. 0-0-0 Nc6 12. a3 a5 13. Nxf6+ Bxf6 14. Be3 Ne7 15. h4 Qd7 16. Rh3 Nf5 17. Bxf5 exf5 18. d5 b5 19. Bg5 Ra6 20. Bxf6 Rxf6 21. Ne5 Qd6 22. f4 bxc4 23. Qxc4 Rd8 24. Qc2 Bxd5 25. Rc3 Qf8 26. Rxc7 Rfd6 27. Re1 Be6 28. Nc4 Rd4 29. Nxa5 Qd6 30. g3 Rd2 31. Nb7 Rxc2+ 32. Rxc2 Qd5 33. Nxd8 Qxd8 34. Rc3 Qd5 35. b3 Qg2 36. Kb1 Bd5 37. Ka1 Qd2 38. Ree3 Be4 39. a4 Kh7 40. h5 f6 41. a5 Qd5 42. b4 Qd1+ 43. Kb2 Qb1+ 44. Ka3 Bd5 45. Ka4 Be4 46. Kb5 Qd1 47. a6 Qd5+ 48. Rc5 Qd7+ 49. Ka5 Qd8+ 50. Kb5 Qd7+ 51. Ka5 Qd8+ 52. Kb5 1/2-1/2

[Event "Pozarevac Rudar 18th"]
[Site "Pozarevac"]
[Date "2023.11.13"]
[Round "8"]
[White "Aniruddh, Chatterjee"]
[Black "Srdanovic, Jovana"]
[Result "1/2-1/2"]
[WhiteElo "2112"]
[BlackElo "2150"]
[PlyCount "55"]
[EventDate "2023.11.07"]
[EventType "schev"]
[EventRounds "9"]
[EventCountry "SRB"]
[SourceTitle "CBM 217 Extra"]
[Source "ChessBase"]
[SourceDate "2024.01.31"]
[SourceVersion "1"]
[SourceVersionDate "2024.01.31"]
[SourceQuality "1"]
[WhiteTeam "Team B"]
[BlackTeam "Team D"]
[WhiteTeamCountry "SRB"]
[BlackTeamCountry "SRB"]

1. d4 d5 2. c4 c6 3. Nc3 Nf6 4. cxd5 cxd5 5. Bf4 Nc6 6. e3 a6 7. Bd3 e6 8. Rc1 Be7 9. h3 0-0 10. Nf3 Bd7 11. 0-0 Rc8 12. Qe2 Na5 13. Ne5 Be8 14. Rfe1 Nd7 15. Qh5 f5 16. Qf3 Nxe5 17. Bxe5 Nc4 18. Bxc4 Rxc4 19. Ne2 Qb6 20. b3 Rc6 21. Qg3 g6 22. Rxc6 Bxc6 23. Nf4 Kf7 24. Nd3 Rc8 25. Bd6 Bf6 26. Rc1 Qa5 27. Rc2 Qd8 28. a4 1/2-1/2

[Event "Pozarevac Rudar 18th"]
[Site "Pozarevac"]
[Date "2023.11.10"]
[Round "4"]
[White "Aniruddh, Chatterjee"]
[Black "Shoshin, Kirill"]
[Result "1/2-1/2"]
[WhiteElo "2112"]
[BlackElo "2250"]
[PlyCount "67"]
[EventDate "2023.11.07"]
[EventType "schev"]
[EventRounds "9"]
[EventCountry "SRB"]
[SourceTitle "CBM 217 Extra"]
[Source "ChessBase"]
[SourceDate "2024.01.31"]
[SourceVersion "1"]
[SourceVersionDate "2024.01.31"]
[SourceQuality "1"]
[WhiteTeam "Team B"]
[BlackTeam "Team C"]
[WhiteTeamCountry "SRB"]
[BlackTeamCountry "SRB"]

1. d4 Nf6 2. c4 e6 3. Nc3 Bb4 4. f3 d5 5. a3 Be7 6. e4 dxe4 7. fxe4 c5 8. d5 exd5 9. exd5 0-0 10. Nf3 Bd6 11. Be2 Bg4 12. 0-0 Nbd7 13. Bg5 Bxf3 14. Bxf3 h6 15. Bh4 Qb8 16. h3 Bh2+ 17. Kh1 Bg3 18. Bxg3 Qxg3 19. Qe1 Qf4 20. Be4 Qe5 21. Bd3 Nh5 22. Qxe5 Nxe5 23. Rfd1 f5 24. Kh2 f4 25. d6 Rad8 26. Be4 Nf6 27. b3 b6 28. Bd5+ Kh8 29. Nb5 a6 30. Nc7 Rxd6 31. Ne6 Re8 32. Nxf4 g5 33. Ne2 Ng6 34. Ng3 1/2-1/2

[Event "Pozarevac Rudar 18th"]
[Site "Pozarevac"]
[Date "2023.11.08"]
[Round "2"]
[White "Aniruddh, Chatterjee"]
[Black "Garv, Rai"]
[Result "0-1"]
[WhiteElo "2112"]
[BlackElo "2158"]
[PlyCount "34"]
[EventDate "2023.11.07"]
[EventType "schev"]
[EventRounds "9"]
[EventCountry "SRB"]
[SourceTitle "CBM 217 Extra"]
[Source "ChessBase"]
[SourceDate "2024.01.31"]
[SourceVersion "1"]
[SourceVersionDate "2024.01.31"]
[SourceQuality "1"]
[WhiteTeam "Team B"]
[BlackTeam "Team D"]
[WhiteTeamCountry "SRB"]
[BlackTeamCountry "SRB"]

1. d4 Nf6 2. c4 c5 3. d5 b5 4. Qc2 Bb7 5. e4 bxc4 6. Bxc4 e6 7. Nf3 exd5 8. exd5 Be7 9. Nc3 0-0 10. 0-0 d6 11. b3 Nbd7 12. Bb2 Nb6 13. Rad1 Rb8 14. Qd3 Nxc4 15. Qxc4 Bc8 16. h3 Bf5 17. Rfe1 h6 0-1

[Event "Pozarevac Rudar 18th"]
[Site "Pozarevac"]
[Date "2023.11.07"]
[Round "1"]
[White "Ilincic, Zlatko"]
[Black "Aniruddh, Chatterjee"]
[Result "1-0"]
[WhiteElo "2301"]
[BlackElo "2112"]
[PlyCount "79"]
[EventDate "2023.11.07"]
[EventType "schev"]
[EventRounds "9"]
[EventCountry "SRB"]
[SourceTitle "CBM 217 Extra"]
[Source "ChessBase"]
[SourceDate "2024.01.31"]
[SourceVersion "1"]
[SourceVersionDate "2024.01.31"]
[SourceQuality "1"]
[WhiteTeam "Team A"]
[BlackTeam "Team B"]
[WhiteTeamCountry "SRB"]
[BlackTeamCountry "SRB"]

1. d4 d5 2. c4 e6 3. Nc3 Nf6 4. cxd5 exd5 5. Bg5 Bb4 6. Qa4+ Nc6 7. e3 h6 8. Bxf6 Qxf6 9. Nf3 0-0 10. Be2 Be6 11. 0-0 a6 12. Rfc1 Bd6 13. Qd1 Ne7 14. Rab1 g5 15. g3 Qg7 16. Na4 b6 17. b4 f5 18. Nb2 g4 19. Nh4 a5 20. b5 Rae8 21. Nd3 Bd7 22. Bf1 Kh8 23. Bg2 Be6 24. Rc3 Rf7 25. Rbc1 Kh7 26. Qb3 Rd8 27. a4 Rd7 28. R3c2 Ng8 29. Bxd5 Bxd5 30. Qxd5 Bxg3 31. Nxf5 Qg6 32. Qb3 Bxh2+ 33. Kxh2 Rxf5 34. Nf4 Qg7 35. Qd3 Rdf7 36. Rxc7 Kh8 37. Qxf5 Rxf5 38. Rxg7 Kxg7 39. Rc7+ Kf6 40. Rc6+ 1-0

[Event "Pozarevac Rudar IM 10"]
[Site "Pozarevac"]
[Date "2023.11.06"]
[Round "9.3"]
[White "Ilincic, Zlatko"]
[Black "Aniruddh, Chatterjee"]
[Result "1/2-1/2"]
[WhiteElo "2304"]
[BlackElo "2112"]
[PlyCount "31"]
[EventDate "2023.10.30"]
[EventType "tourn"]
[EventRounds "9"]
[EventCountry "SRB"]
[SourceTitle "CBM 217 Extra"]
[Source "ChessBase"]
[SourceDate "2024.01.31"]
[SourceVersion "1"]
[SourceVersionDate "2024.01.31"]
[SourceQuality "1"]

1. d4 d5 2. c4 e6 3. Qc2 Nf6 4. Nf3 Be7 5. Bf4 0-0 6. e3 b6 7. Nbd2 Bb7 8. Bd3 c5 9. cxd5 exd5 10. dxc5 bxc5 11. 0-0 Nc6 12. a3 Qb6 13. b3 Rfe8 14. Rfc1 Bf8 15. h3 h6 16. Rab1 1/2-1/2

[Event "Pozarevac Rudar IM 10"]
[Site "Pozarevac"]
[Date "2023.10.31"]
[Round "2.4"]
[White "Bryakin, Mikhail"]
[Black "Aniruddh, Chatterjee"]
[Result "1-0"]
[WhiteElo "2483"]
[BlackElo "2112"]
[PlyCount "109"]
[EventDate "2023.10.30"]
[EventType "tourn"]
[EventRounds "9"]
[EventCountry "SRB"]
[SourceTitle "CBM 217 Extra"]
[Source "ChessBase"]
[SourceDate "2024.01.31"]
[SourceVersion "1"]
[SourceVersionDate "2024.01.31"]
[SourceQuality "1"]

1. c4 e6 2. Nc3 d5 3. d4 Nf6 4. Nf3 Bb4 5. Bg5 h6 6. Bxf6 Qxf6 7. e3 0-0 8. Qb3 c5 9. cxd5 exd5 10. dxc5 Bxc3+ 11. Qxc3 Qxc3+ 12. bxc3 Be6 13. Nd4 Nd7 14. c6 bxc6 15. Nxc6 Kh8 16. Kd2 Nc5 17. Bd3 Nxd3 18. Kxd3 Bf5+ 19. Kd2 Bh7 20. Rhc1 Rfe8 21. a4 a5 22. Ra2 Rec8 23. Nd4 Rc4 24. Ke2 Bg6 25. Nb5 Rd8 26. Rd1 f6 27. Rd4 Be8 28. Rxc4 dxc4 29. Rd2 Rb8 30. Rd5 Bg6 31. Kd2 Bb1 32. Nd4 Be4 33. Rb5 Ra8 34. f3 Bg6 35. Rc5 Rb8 36. e4 Rb2+ 37. Nc2 Kh7 38. Rxa5 Be8 39. Ra8 Bc6 40. Ra6 Be8 41. h4 h5 42. Kc1 Rb3 43. Ra8 Bd7 44. Ra7 Be8 45. Kd2 Rb2 46. f4 Bc6 47. Kc1 Rb8 48. e5 fxe5 49. fxe5 Re8 50. Nd4 Bxg2 51. Nf5 Kg6 52. Rxg7+ Kxf5 53. Rxg2 Ke4 54. Rd2 Rxe5 55. Re2+ 1-0

[Event "Maharashtra op 2nd"]
[Site "Nagpur"]
[Date "2023.06.01"]
[Round "1"]
[White "Aniruddh, Chatterjee"]
[Black "Viani, Antonio Dcunha"]
[Result "1/2-1/2"]
[WhiteElo "2054"]
[BlackElo "2417"]
[PlyCount "60"]
[EventDate "2023.06.01"]
[EventType "swiss"]
[EventRounds "11"]
[EventCountry "IND"]
[SourceTitle "CBM 214 Extra"]
[Source "ChessBase"]
[SourceDate "2023.07.31"]
[SourceVersion "1"]
[SourceVersionDate "2023.07.31"]
[SourceQuality "1"]

1. d4 Nf6 2. c4 g6 3. Nc3 Bg7 4. Bg5 0-0 5. e3 d6 6. Be2 Nbd7 7. Qc2 h6 8. Bh4 c6 9. Rd1 a6 10. Nf3 b5 11. 0-0 Qa5 12. Nd2 Bb7 13. Bxf6 Nxf6 14. c5 Nd7 15. b4 Qc7 16. Nb3 Rad8 17. f4 dxc5 18. dxc5 a5 19. Nxa5 Nxc5 20. Nxb5 cxb5 21. Qxc5 Qxc5 22. bxc5 Be4 23. Bxb5 Ra8 24. Bc6 Rxa5 25. Bxe4 Rxc5 26. Rc1 Ra5 27. Rc2 Ra3 28. Kf2 Rb8 29. Rd1 Bf6 30. Rd3 Ra7 1/2-1/2

[Event "Dubai op 22nd"]
[Site "Dubai"]
[Date "2022.09.04"]
[Round "9"]
[White "Zujev, Oleg"]
[Black "Aniruddh, Chatterjee"]
[Result "1/2-1/2"]
[WhiteElo "2305"]
[BlackElo "2174"]
[PlyCount "60"]
[EventDate "2022.08.27"]
[EventType "swiss"]
[EventRounds "9"]
[EventCountry "UAE"]
[SourceTitle "CBM 210 Extra"]
[Source "ChessBase"]
[SourceDate "2022.11.30"]
[SourceVersion "1"]
[SourceVersionDate "2022.11.30"]
[SourceQuality "1"]

1. d4 d5 2. c4 e6 3. Nc3 Nf6 4. cxd5 exd5 5. Bg5 Bb4 6. e3 h6 7. Bh4 Bf5 8. Qf3 Bh7 9. Bxf6 Qxf6 10. Qxd5 0-0 11. Nf3 c5 12. Be2 Nc6 13. 0-0 Rad8 14. Qb3 cxd4 15. exd4 Rfe8 16. Rfe1 Be4 17. Red1 Bxf3 18. Bxf3 Rxd4 19. h3 Bd6 20. Bxc6 bxc6 21. Rxd4 Qxd4 22. Rd1 Qe5 23. g3 Bc5 24. Kg2 Bd4 25. Rd2 Qf6 26. Qc4 c5 27. Re2 Rxe2 28. Qxe2 Bxc3 29. bxc3 Qd8 30. Qc4 Qb6 1/2-1/2

[Event "Abu Dhabi op 28th"]
[Site "Abu Dhabi"]
[Date "2022.08.22"]
[Round "6"]
[White "Aniruddh, Chatterjee"]
[Black "Sharan, Rao"]
[Result "0-1"]
[WhiteElo "2174"]
[BlackElo "2292"]
[PlyCount "78"]
[EventDate "2022.08.17"]
[EventType "swiss"]
[EventRounds "9"]
[EventCountry "UAE"]
[SourceTitle "CBM 209 Extra"]
[Source "ChessBase"]
[SourceDate "2022.09.30"]
[SourceVersion "1"]
[SourceVersionDate "2022.09.30"]
[SourceQuality "1"]

1. d4 d5 2. c4 e6 3. Nc3 Nf6 4. Bg5 c6 5. Nf3 Nbd7 6. e3 Be7 7. cxd5 exd5 8. Bd3 Nh5 9. Bxe7 Qxe7 10. Qc2 g6 11. 0-0-0 Nb6 12. Ne5 Ng7 13. Rde1 Bf5 14. g4 Bxd3 15. Nxd3 0-0-0 16. Ne5 f6 17. Nd3 Ne6 18. h4 Kb8 19. f4 c5 20. f5 c4 21. Nf4 Nxf4 22. exf4 Qc7 23. Rhf1 Rhg8 24. g5 Qg7 25. fxg6 hxg6 26. f5 gxf5 27. Rxf5 fxg5 28. Qh2+ Ka8 29. hxg5 a6 30. Qe5 Qh7 31. Qf4 Rg7 32. Rf6 Nc8 33. Rfe6 Ka7 34. R6e5 Ne7 35. R5e3 Nc6 36. g6 Qxg6 37. Re6 Qd3 38. Rd1 Nb4 39. Qe3 Qc2# 0-1

[Event "Sitges Sunway op 8th"]
[Site "Sitges"]
[Date "2021.12.15"]
[Round "3"]
[White "Aniruddh, Chatterjee"]
[Black "Domingo Nunez, Alejandro"]
[Result "0-1"]
[WhiteElo "2112"]
[BlackElo "2340"]
[PlyCount "84"]
[EventDate "2021.12.13"]
[EventType "swiss"]
[EventRounds "10"]
[EventCountry "ESP"]
[SourceTitle "CBM 205 Extra"]
[Source "ChessBase"]
[SourceDate "2022.01.31"]
[SourceVersion "1"]
[SourceVersionDate "2022.01.31"]
[SourceQuality "1"]

1. c4 c5 2. g3 Nc6 3. Bg2 g6 4. Nc3 Bg7 5. e4 a6 6. a4 d6 7. Nge2 h5 8. 0-0 h4 9. d3 hxg3 10. hxg3 Ne5 11. Rb1 e6 12. b4 g5 13. Be3 Qf6 14. f4 gxf4 15. Rxf4 Qg5 16. Qd2 Qe7 17. bxc5 dxc5 18. Rff1 Nh6 19. Bg5 Qd6 20. Rbd1 Nhg4 21. Bf4 Qd8 22. Bg5 Qd7 23. Qa2 Nc6 24. Nd5 exd5 25. exd5 Nd4 26. Rf4 f5 27. Re1 0-0 28. Nxd4 Bxd4+ 29. Rxd4 cxd4 30. Re7 Qd6 31. c5 Qxg3 32. d6+ Kh8 33. Qb2 Qxd3 34. Bf3 Be6 35. Bxg4 Qg3+ 36. Qg2 Qe1+ 37. Kh2 fxg4 38. d7 Rf2 39. Re8+ Kg7 40. Re7+ Kg8 41. Re8+ Kf7 42. Re7+ Kf8 0-1

[Event "Novi Sad Put Svile IM Mix 6"]
[Site "Novi Sad"]
[Date "2021.08.12"]
[Round "8"]
[White "Aniruddh, Chatterjee"]
[Black "Zhukov, Anton"]
[Result "1-0"]
[WhiteElo "1957"]
[BlackElo "2248"]
[PlyCount "59"]
[EventDate "2021.08.08"]
[EventType "swiss"]
[EventRounds "9"]
[EventCountry "SRB"]
[SourceTitle "CBM 203 Extra"]
[Source "ChessBase"]
[SourceDate "2021.09.30"]
[SourceVersion "1"]
[SourceVersionDate "2021.09.30"]
[SourceQuality "1"]

1. c4 Nf6 2. Nc3 g6 3. d4 Bg7 4. Bg5 d6 5. e3 0-0 6. Be2 c5 7. Nf3 h6 8. Bh4 cxd4 9. Nxd4 Nc6 10. 0-0 Bd7 11. Rc1 Rc8 12. a3 a6 13. b4 b6 14. Qb3 Nxd4 15. exd4 Bf5 16. Rfd1 g5 17. Bg3 Bg6 18. c5 a5 19. Na4 bxc5 20. dxc5 axb4 21. axb4 Ne4 22. c6 Nxg3 23. hxg3 Be4 24. b5 Qa5 25. f3 Bf5 26. b6 Ra8 27. b7 Qxa4 28. Qxa4 Rxa4 29. c7 Rb4 30. c8Q 1-0

[Event "Novi Sad Put Svile IM Mix 6"]
[Site "Novi Sad"]
[Date "2021.08.12"]
[Round "9"]
[White "Djuric, Stefan"]
[Black "Aniruddh, Chatterjee"]
[Result "1-0"]
[WhiteElo "2321"]
[BlackElo "1957"]
[PlyCount "95"]
[EventDate "2021.08.08"]
[EventType "swiss"]
[EventRounds "9"]
[EventCountry "SRB"]
[SourceTitle "CBM 203 Extra"]
[Source "ChessBase"]
[SourceDate "2021.09.30"]
[SourceVersion "1"]
[SourceVersionDate "2021.09.30"]
[SourceQuality "1"]

1. d4 d5 2. Nf3 Nf6 3. c4 e6 4. Nc3 Be7 5. Bg5 h6 6. Bh4 0-0 7. e3 b6 8. Bd3 Bb7 9. 0-0 Nbd7 10. Qe2 Rc8 11. Rfd1 c5 12. cxd5 Nxd5 13. Bg3 Nb4 14. Bb5 Bc6 15. dxc5 Qe8 16. cxb6 Nxb6 17. Nd4 Bxb5 18. Ndxb5 Rc5 19. Nxa7 Qa8 20. Nab5 h5 21. a3 Na6 22. h4 Rfc8 23. Nd6 R8c6 24. Nde4 Ra5 25. Rab1 Rc4 26. Nd2 Rg4 27. Nb3 Rf5 28. e4 Rf6 29. Qb5 Qa7 30. Rd3 Rfg6 31. Qe8+ Kh7 32. Qxf7 Nc8 33. Rbd1 Nd6 34. Rxd6 Rxg3 35. Rd7 Rxg2+ 36. Kf1 Qb6 37. Rxe7 Qxb3 38. Re8 Rxf2+ 39. Qxf2 Rf6 40. Qxf6 gxf6 41. Rd7+ Kg6 42. Rg8+ Kh6 43. Rgg7 f5 44. exf5 exf5 45. Rge7 Qc4+ 46. Ne2 Qc6 47. Rh7+ Kg6 48. Nf4+ 1-0

[Event "Novi Sad Put Svile IM Mix 6"]
[Site "Novi Sad"]
[Date "2021.08.11"]
[Round "7"]
[White "Ristic, Nenad"]
[Black "Aniruddh, Chatterjee"]
[Result "1-0"]
[WhiteElo "2342"]
[BlackElo "1957"]
[PlyCount "79"]
[EventDate "2021.08.08"]
[EventType "swiss"]
[EventRounds "9"]
[EventCountry "SRB"]
[SourceTitle "CBM 203 Extra"]
[Source "ChessBase"]
[SourceDate "2021.09.30"]
[SourceVersion "1"]
[SourceVersionDate "2021.09.30"]
[SourceQuality "1"]

1. e4 c5 2. Nf3 d6 3. Bb5+ Nc6 4. 0-0 Bd7 5. c3 Nf6 6. Re1 a6 7. Bxc6 Bxc6 8. d4 Bxe4 9. Bg5 Bc6 10. Bxf6 gxf6 11. d5 Bd7 12. Nh4 Rg8 13. Qf3 Qb6 14. Nd2 0-0-0 15. Nc4 Qc7 16. a4 Rg4 17. Re4 Rg5 18. a5 f5 19. Ree1 e5 20. b4 e4 21. Qd1 Bh6 22. g3 f4 23. Rxe4 fxg3 24. fxg3 f5 25. Re7 cxb4 26. Nb6+ Kb8 27. cxb4 Rgg8 28. Ra2 Ba4 29. Qe1 Rde8 30. Rae2 Rxe7 31. Rxe7 Qc2 32. Nxa4 Qxa4 33. Nxf5 Bg5 34. Qe6 Rc8 35. Rxb7+ Kxb7 36. Nxd6+ Kc7 37. Nxc8 Qxb4 38. Nb6 Qxa5 39. Qc6+ Kb8 40. Qc8+ 1-0

[Event "Novi Sad Put Svile IM Mix 6"]
[Site "Novi Sad"]
[Date "2021.08.10"]
[Round "5"]
[White "Abramovic, Bosko"]
[Black "Aniruddh, Chatterjee"]
[Result "1/2-1/2"]
[WhiteElo "2298"]
[BlackElo "1957"]
[PlyCount "66"]
[EventDate "2021.08.08"]
[EventType "swiss"]
[EventRounds "9"]
[EventCountry "SRB"]
[SourceTitle "CBM 203 Extra"]
[Source "ChessBase"]
[SourceDate "2021.09.30"]
[SourceVersion "1"]
[SourceVersionDate "2021.09.30"]
[SourceQuality "1"]

1. Nf3 Nf6 2. g3 e6 3. Bg2 Be7 4. 0-0 0-0 5. c4 d5 6. d4 dxc4 7. Qa4 b6 8. Qxc4 Bb7 9. Bf4 c5 10. dxc5 Bxc5 11. Nc3 Qe7 12. a3 Rc8 13. Qb3 Nbd7 14. Rad1 Bc6 15. Ne5 Bxg2 16. Kxg2 Nxe5 17. Bxe5 Nd7 18. Bd4 Rd8 19. Qb5 Rac8 20. Rd3 e5 21. Bxc5 Nxc5 22. Rd5 Rxd5 23. Nxd5 Qb7 24. Rd1 Ne6 25. Qd3 Nc7 26. Qe4 Nxd5 27. Rxd5 Re8 28. f3 Qc7 29. Qd3 g6 30. Rd7 Qc6 31. Qd5 Qxd5 32. Rxd5 Re7 33. Kf2 f6 1/2-1/2

[Event "Novi Sad Put Svile Schev 3rd"]
[Site "Novi Sad"]
[Date "2021.08.03"]
[Round "5.1"]
[White "Petrovic, Vladan"]
[Black "Aniruddh, Chatterjee"]
[Result "0-1"]
[WhiteElo "1902"]
[BlackElo "1957"]
[PlyCount "47"]
[EventDate "2021.08.01"]
[EventType "schev"]
[EventRounds "9"]
[EventCountry "SRB"]
[SourceTitle "EXT 2022"]
[Source "ChessBase"]
[SourceDate "2021.10.06"]
[SourceVersion "1"]
[SourceVersionDate "2021.10.06"]
[SourceQuality "1"]
[WhiteTeam "Team A"]
[BlackTeam "Team B"]
[WhiteTeamCountry "SRB"]
[BlackTeamCountry "SRB"]

1. e4 c5 2. Nf3 d6 3. d4 cxd4 4. Nxd4 Nf6 5. Nc3 a6 6. Be2 e6 7. Be3 Be7 8. 0-0 0-0 9. Nb3 Qc7 10. f4 b5 11. a3 Bb7 12. Bf3 Nc6 13. Qe1 Rac8 14. Rd1 Qb8 15. g4 b4 16. axb4 Nxb4 17. Rd2 Qa8 18. Bd4 Nd7 19. Qg3 e5 20. Be3 exf4 21. Bxf4 Ne5 22. Bxe5 dxe5 23. Qxe5 Bf6 24. Nd5 0-1

[Event "Novi Sad Put Svile Schev 3rd"]
[Site "Novi Sad"]
[Date "2021.08.02"]
[Round "3.1"]
[White "Vujevic, Tomislav"]
[Black "Aniruddh, Chatterjee"]
[Result "1/2-1/2"]
[WhiteElo "1989"]
[BlackElo "1957"]
[PlyCount "92"]
[EventDate "2021.08.01"]
[EventType "schev"]
[EventRounds "9"]
[EventCountry "SRB"]
[SourceTitle "EXT 2022"]
[Source "ChessBase"]
[SourceDate "2021.10.06"]
[SourceVersion "1"]
[SourceVersionDate "2021.10.06"]
[SourceQuality "1"]
[WhiteTeam "Team A"]
[BlackTeam "Team B"]
[WhiteTeamCountry "SRB"]
[BlackTeamCountry "SRB"]

1. d4 d5 2. Bf4 Nf6 3. e3 Bg4 4. f3 Bh5 5. g4 Bg6 6. h4 h5 7. g5 Nfd7 8. c4 Bxb1 9. Qxb1 e6 10. cxd5 exd5 11. Bd3 c5 12. Ne2 Nc6 13. g6 Be7 14. gxf7+ Kf8 15. Bg3 Rh6 16. Bg6 Qa5+ 17. Kf2 cxd4 18. exd4 Qb6 19. Bf4 Rh8 20. Be3 Nd8 21. Nf4 Nf6 22. Qf5 Bd6 23. Rad1 Bxf4 24. Bxf4 Nxf7 25. Rhg1 Nd6 26. Qb1 Nc8 27. b3 Ne7 28. Bc2 Re8 29. Qc1 Qe6 30. Bg5 Kf7 31. Qf4 Rhf8 32. Rde1 Qc6 33. Bh7 Rh8 34. Bb1 Rhf8 35. Bh7 Rh8 36. Bb1 Rhf8 37. Rc1 Qa6 38. Bxf6 Qxf6 39. Qxf6+ Kxf6 40. Rc7 Rb8 41. Bd3 Rfc8 42. Rgc1 Nc6 43. Rxc8 Rxc8 44. Rc5 Rd8 45. Ke3 Re8+ 46. Kf2 Rd8 1/2-1/2